Closed Circuits Television system Planning / (Record no. 183269)

000 -LEADER
fixed length control field 00560 a2200181 4500
003 - CONTROL NUMBER IDENTIFIER
control field Nust
005 - DATE AND TIME OF LATEST TRANSACTION
control field 20221228183600.0
040 ## - CATALOGING SOURCE
Transcribing agency Nust
082 ## - DEWEY DECIMAL CLASSIFICATION NUMBER
Classification number 621.388,MAY
100 ## - MAIN ENTRY--PERSONAL NAME
Personal name Mayers M.A
9 (RLIN) 106292
245 ## - TITLE STATEMENT
Title Closed Circuits Television system Planning /
Statement of responsibility, etc. Mayers M.A
260 ## - PUBLICATION, DISTRIBUTION, ETC.
Place of publication, distribution, etc. New York
Name of publisher, distributor, etc. John F.Rider
Date of publication, distribution, etc. 1957
300 ## - PHYSICAL DESCRIPTION
Extent 250p
505 ## - FORMATTED CONTENTS NOTE
Formatted contents note Application Of Closed Circuit Television (Page-1),How Closed Circuit Television Works (Page-97),Equipment (Page-131).
600 ## - SUBJECT ADDED ENTRY--PERSONAL NAME
Personal name M.A.Mayers
9 (RLIN) 106293
650 ## - SUBJECT ADDED ENTRY--TOPICAL TERM
Topical term or geographic name entry element Closed Circuits
9 (RLIN) 106294
942 ## - ADDED ENTRY ELEMENTS (KOHA)
Source of classification or shelving scheme
Koha item type Book
Holdings
Withdrawn status Lost status Source of classification or shelving scheme Damaged status Not for loan Permanent Location Current Location Shelving location Date acquired Full call number Barcode Date last seen Price effective from Koha item type Public note
          Military College of Signals (MCS) Military College of Signals (MCS) General Stacks 12/12/2016 621.388,MAY MCS6853 12/08/2016 12/12/2016 Book Almirah No.39, Shelf No.5
© 2023 Central Library, National University of Sciences and Technology. All Rights Reserved.